[Event "Capablanca Memorial op 49th"]
[Site "Havana"]
[Date "2014.05.14"]
[Round "6"]
[White "Fernandez Rivero, Karla July"]
[Black "Enrique Hernandez, Eddy Ernesto"]
[Result "0-1"]
[WhiteElo "2120"]
[BlackElo "2287"]
[PlyCount "92"]
[EventDate "2014.04.08"]
[EventType "swiss"]
[EventRounds "10"]
[EventCountry "CUB"]
[SourceTitle "CBM 160 Extra"]
[Source "ChessBase"]
[SourceDate "2014.07.01"]
[SourceVersion "1"]
[SourceVersionDate "2014.07.01"]
[SourceQuality "1"]

1. d4 Nf6 2. c4 e6 3. Nf3 b6 4. a3 Bb7 5. Nc3 g6 6. Qc2 Bg7 7. e4 d6 8. Bg5 h6 9. Be3 Nbd7 10. h3 Qe7 11. Be2 c5 12. d5 e5 13. Nb5 0-0 14. g4 a6 15. Nc3 Ne8 16. 0-0-0 Nc7 17. h4 Rfb8 18. Rdg1 Bc8 19. Qd2 Kh7 20. h5 g5 21. Bxg5 hxg5 22. Nxg5+ Kg8 23. h6 Bh8 24. Nxf7 Qxf7 25. g5 Qf4 26. g6 Qxd2+ 27. Kxd2 Ne8 28. Rg3 Ndf6 29. Ke3 Ra7 30. Nb1 b5 31. cxb5 axb5 32. Nd2 Ba6 33. Nf3 b4 34. Bxa6 Rxa6 35. Ng5 Ng7 36. hxg7 Bxg7 37. Rgh3 bxa3 38. bxa3 Rxa3+ 39. Ke2 Rb2+ 40. Kf1 Rxh3 41. Rxh3 Nd7 42. Ne6 Nf8 43. Ra3 Nxe6 44. dxe6 Rb7 45. Ra8+ Bf8 46. Ke2 Re7 0-1

[Event "Capablanca Memorial op-A 48th"]
[Site "Havana"]
[Date "2013.05.01"]
[Round "10"]
[White "Enrique Hernandez, Eddy Ernesto"]
[Black "Gomez Fontal, Felix Manuel"]
[Result "0-1"]
[WhiteElo "2267"]
[BlackElo "2373"]
[PlyCount "78"]
[EventDate "2013.04.21"]
[EventType "swiss"]
[EventRounds "10"]
[EventCountry "CUB"]
[SourceTitle "CBM 154 Extra"]
[Source "ChessBase"]
[SourceDate "2013.06.25"]
[SourceVersion "2"]
[SourceVersionDate "2013.06.25"]
[SourceQuality "1"]

1. e4 e5 2. Nf3 Nc6 3. Bb5 a6 4. Bxc6 dxc6 5. d4 exd4 6. Qxd4 Qxd4 7. Nxd4 Bd7 8. Be3 0-0-0 9. Nd2 Nf6 10. f3 c5 11. Ne2 b6 12. 0-0-0 Be7 13. Nc3 Bc6 14. Rhe1 Bd6 15. Nf1 h6 16. Ne2 g5 17. Bf2 Nh5 18. Ne3 Nf4 19. Nxf4 gxf4 20. Nd5 Rdg8 21. e5 Rxg2 22. Bh4 Bxd5 23. exd6 Bc6 24. dxc7 Kxc7 25. Re7+ Kc8 26. Bf6 Rhg8 27. Be5 Bxf3 28. Rc7+ Kb8 29. Rxf7+ Ka8 30. Rd6 Be4 31. Rd2 Rxd2 32. Kxd2 Rg2+ 33. Ke1 f3 34. Rd7 Re2+ 35. Kf1 Bf5 36. Rd8+ Kb7 37. Bg3 Bh3+ 38. Kg1 Rg2+ 39. Kh1 Rxc2 0-1

[Event "Capablanca Memorial op-A 48th"]
[Site "Havana"]
[Date "2013.04.27"]
[Round "6"]
[White "Alvarez, Roberto Gabriel"]
[Black "Enrique Hernandez, Eddy Ernesto"]
[Result "1-0"]
[WhiteElo "2400"]
[BlackElo "2267"]
[PlyCount "71"]
[EventDate "2013.04.21"]
[EventType "swiss"]
[EventRounds "10"]
[EventCountry "CUB"]
[SourceTitle "CBM 154 Extra"]
[Source "ChessBase"]
[SourceDate "2013.06.25"]
[SourceVersion "2"]
[SourceVersionDate "2013.06.25"]
[SourceQuality "1"]

1. d4 f5 2. Nf3 Nf6 3. g3 g6 4. Bg2 Bg7 5. 0-0 0-0 6. c4 d6 7. Nc3 Nc6 8. Qb3 Kh8 9. Rd1 Na5 10. Qa4 c6 11. c5 b5 12. Qc2 Rb8 13. b4 Nc4 14. a4 a6 15. axb5 axb5 16. Ra7 Rb7 17. Ra8 Qc7 18. e4 fxe4 19. Nxe4 Bf5 20. Rxf8+ Bxf8 21. Nh4 Bxe4 22. Bxe4 Nxe4 23. Qxe4 d5 24. Qe6 Qd7 25. Re1 Bg7 26. Nf3 Qxe6 27. Rxe6 Rc7 28. Bf4 Rc8 29. Rxe7 Na3 30. Be5 Bxe5 31. dxe5 Nc2 32. Ng5 Nxb4 33. Nxh7 Na6 34. e6 b4 35. Nf6 Rc7 36. Rd7 1-0

[Event "Capablanca Memorial op-A 48th"]
[Site "Havana"]
[Date "2013.04.22"]
[Round "2"]
[White "Enrique Hernandez, Eddy Ernesto"]
[Black "De la Paz Perdomo, Frank"]
[Result "1/2-1/2"]
[WhiteElo "2267"]
[BlackElo "2440"]
[PlyCount "43"]
[EventDate "2013.04.21"]
[EventType "swiss"]
[EventRounds "10"]
[EventCountry "CUB"]
[SourceTitle "CBM 154 Extra"]
[Source "ChessBase"]
[SourceDate "2013.06.25"]
[SourceVersion "2"]
[SourceVersionDate "2013.06.25"]
[SourceQuality "1"]

1. e4 e5 2. Nf3 d6 3. d4 exd4 4. Nxd4 Nf6 5. Nc3 Be7 6. Bc4 0-0 7. 0-0 Re8 8. Re1 c6 9. a4 a5 10. h3 Bf8 11. Kh1 Na6 12. Bxa6 Rxa6 13. Qf3 h6 14. Bf4 Nh7 15. Rad1 Qf6 16. Bg3 Qg6 17. Qd3 Rd8 18. Nde2 Ng5 19. Nf4 Qh7 20. Nh5 Qg6 21. Nf4 Qh7 22. Nh5 1/2-1/2

[Event "Capablanca Memorial op-A 46th"]
[Site "Havana"]
[Date "2011.05.18"]
[Round "7"]
[White "Enrique Hernandez, Eddy Ernesto"]
[Black "Machado Escanio, Michel Rene"]
[Result "0-1"]
[WhiteElo "2206"]
[BlackElo "2309"]
[PlyCount "198"]
[EventDate "2011.05.11"]
[EventType "swiss"]
[EventRounds "10"]
[EventCountry "CUB"]
[SourceTitle "CBM 142 Extra"]
[Source "ChessBase"]
[SourceDate "2011.06.27"]
[SourceVersion "1"]
[SourceVersionDate "2011.06.27"]
[SourceQuality "1"]

1. d4 d5 2. Nc3 Nf6 3. Bg5 Bf5 4. f3 Bg6 5. Qd2 Nbd7 6. e3 c6 7. h4 h6 8. Bf4 e6 9. g4 Bb4 10. a3 Ba5 11. Nge2 h5 12. g5 Ng8 13. Bg2 Ne7 14. e4 0-0 15. b4 Bb6 16. Ng3 Re8 17. Nce2 a5 18. Rb1 axb4 19. axb4 Ra3 20. c3 Qa8 21. 0-0 e5 22. Be3 dxe4 23. fxe4 Qa7 24. Bf3 exd4 25. Bxd4 Bxd4+ 26. Nxd4 Ra2 27. Qf4 c5 28. bxc5 Nxc5 29. Bxh5 Ne6 30. Qe3 Nxd4 31. Qxd4 Qb8 32. e5 Nc6 33. Qf4 Qa7+ 34. Kh1 Nxe5 35. Rbe1 Qc5 36. Bxg6 fxg6 37. Re3 Qd5+ 38. Qe4 Qd7 39. Ne2 Raa8 40. Qd4 Qc6+ 41. Qe4 Qd7 42. Qd4 Qb5 43. Qb4 Qxb4 44. cxb4 Nc6 45. Rxe8+ Rxe8 46. Ng3 Re3 47. Kg2 Rb3 48. h5 gxh5 49. Nxh5 Rxb4 50. Kg3 Ne5 51. Rf5 Rb3+ 52. Kg2 Re3 53. Nf4 Nd3 54. Nxd3 Rxd3 55. Rb5 Rd7 56. Kg3 Kf7 57. Rb6 Ke7 58. Kf4 Kd8 59. Kf5 Kc7 60. Rb2 Rd6 61. Rc2+ Kd7 62. Rb2 Kc7 63. Rc2+ Kb8 64. Ke5 Rg6 65. Kf5 Rd6 66. Rb2 Rc6 67. Rb1 Kc7 68. Re1 g6+ 69. Ke5 b5 70. Rb1 Rb6 71. Rb4 Kc6 72. Kd4 Kd6 73. Kc3 Rc6+ 74. Kb3 Rc5 75. Rg4 Ke6 76. Rg1 Kf5 77. Kb4 Re5 78. Kc3 Re4 79. Kd3 Rg4 80. Rc1 Rxg5 81. Rc6 Kf4 82. Kd4 Rg1 83. Rf6+ Kg5 84. Rb6 Rb1 85. Kc3 Kf5 86. Kc2 Rb4 87. Kd3 g5 88. Rb8 Kg4 89. Ke2 Kg3 90. Ke3 g4 91. Ke2 Kg2 92. Ke1 g3 93. Ke2 Re4+ 94. Kd3 Re1 95. Rxb5 Kg1 96. Kc3 g2 97. Kd2 Re4 98. Kd3 Rh4 99. Ke3 Kh1 0-1

[Event "Capablanca Memorial op-A 46th"]
[Site "Havana"]
[Date "2011.05.15"]
[Round "5"]
[White "Fandino Reyes, Roquelina"]
[Black "Enrique Hernandez, Eddy Ernesto"]
[Result "0-1"]
[WhiteElo "2147"]
[BlackElo "2206"]
[PlyCount "112"]
[EventDate "2011.05.11"]
[EventType "swiss"]
[EventRounds "10"]
[EventCountry "CUB"]
[SourceTitle "CBM 142 Extra"]
[Source "ChessBase"]
[SourceDate "2011.06.27"]
[SourceVersion "1"]
[SourceVersionDate "2011.06.27"]
[SourceQuality "1"]

1. e4 d5 2. exd5 Qxd5 3. Nc3 Qd6 4. d4 Nf6 5. Nf3 a6 6. Be2 Nc6 7. 0-0 Bf5 8. a3 0-0-0 9. Be3 e5 10. dxe5 Nxe5 11. Qc1 Nfg4 12. Nxe5 Qxe5 13. Bf4 Qe6 14. Re1 Qb6 15. Bg3 Be6 16. Bf3 h5 17. Na4 Qd4 18. Re4 Qf6 19. Bf4 Qg6 20. c4 Bd7 21. Nc3 Nf6 22. Re1 Bg4 23. Be2 Bd6 24. Bf1 h4 25. Bxd6 cxd6 26. Qe3 Kb8 27. Nd5 Nd7 28. f3 Bf5 29. Ne7 Qf6 30. Nxf5 Qxf5 31. Qd3 Qf6 32. b4 Ne5 33. Qe4 h3 34. f4 Nc6 35. Rad1 Rhe8 36. Qxe8 Rxe8 37. Rxe8+ Kc7 38. Re4 g5 39. b5 axb5 40. cxb5 Ne7 41. g3 g4 42. a4 d5 43. Re2 Qb6+ 44. Kh1 Qd6 45. a5 b6 46. axb6+ Kxb6 47. Ra1 Kb7 48. Ra6 Qc5 49. Rea2 Nc8 50. Rc6 Qb4 51. Rac2 Nd6 52. Kg1 Qd4+ 53. Kh1 Nc4 54. R6xc4 dxc4 55. Rxc4 Qf2 56. Rc1 Qf3+ 0-1

[Event "Havana UCI op 9th"]
[Site "Havana"]
[Date "2010.11.17"]
[Round "7"]
[White "Montero Fernandez, Reynier"]
[Black "Enrique Hernandez, Eddy Ernesto"]
[Result "0-1"]
[WhiteElo "2180"]
[BlackElo "2191"]
[PlyCount "60"]
[EventDate "2010.11.08"]
[EventType "swiss"]
[EventRounds "9"]
[EventCountry "CUB"]
[SourceTitle "CBM 139 Extra"]
[Source "ChessBase"]
[SourceDate "2011.01.05"]
[SourceVersion "1"]
[SourceVersionDate "2011.01.05"]
[SourceQuality "1"]

1. e4 d5 2. exd5 Qxd5 3. Nc3 Qd6 4. Nf3 Nf6 5. d4 a6 6. Be2 Bf5 7. 0-0 Nc6 8. h3 0-0-0 9. Be3 e5 10. dxe5 Nxe5 11. Qxd6 Nxf3+ 12. Bxf3 Bxd6 13. Rac1 h6 14. Na4 Be4 15. Bxe4 Nxe4 16. c4 f5 17. Nc3 Rhe8 18. Nxe4 Rxe4 19. Rc2 g5 20. Bc1 Bc5 21. g3 Rde8 22. Kg2 Re2 23. Rc3 Bd4 24. Rf3 R8e5 25. b3 Rxa2 26. h4 g4 27. Rd3 c5 28. Bxh6 Ree2 29. Kh1 Bxf2 30. Bg7 Bd4 0-1

[Event "Havana UCI op 8th"]
[Site "Havana"]
[Date "2009.11.06"]
[Round "3"]
[White "Enrique Hernandez, Eddy Ernesto"]
[Black "Montero Fernandez, Reynier"]
[Result "1/2-1/2"]
[WhiteElo "2182"]
[BlackElo "2261"]
[PlyCount "95"]
[EventDate "2009.11.04"]
[EventType "swiss"]
[EventRounds "9"]
[EventCountry "CUB"]
[SourceTitle "EXT 2011"]
[Source "ChessBase"]
[SourceDate "2010.11.26"]
[SourceVersion "1"]
[SourceVersionDate "2010.11.26"]
[SourceQuality "1"]

1. d4 d5 2. Nc3 Nf6 3. Bg5 Bf5 4. f3 Nbd7 5. Qd2 h6 6. Bf4 a6 7. 0-0-0 e6 8. h4 Rc8 9. g4 Bg6 10. e3 c5 11. Bd3 Bxd3 12. Qxd3 Qa5 13. Nge2 b5 14. g5 c4 15. Qd2 Nh5 16. Nb1 Qxa2 17. e4 b4 18. c3 Nb6 19. Bh2 a5 20. g6 f6 21. Rhe1 Kd7 22. Ng3 Nxg3 23. Bxg3 Qa4 24. Re2 Bd6 25. Bxd6 Kxd6 26. e5+ fxe5 27. Rxe5 Rhf8 28. Rde1 Rce8 29. Qh2 Kd7 30. f4 Qc6 31. Qg3 Na8 32. f5 Nc7 33. Qh3 exf5 34. h5 Kd8 35. Nd2 Rxe5 36. Rxe5 f4 37. Nf3 bxc3 38. bxc3 a4 39. Re2 Qd7 40. Qh4+ Rf6 41. Ne5 Qf5 42. Nc6+ Kd7 43. Ne7 Qd3 44. Qg4+ Kd6 45. Nc8+ Kc6 46. Ne7+ Kd6 47. Nc8+ Kc6 48. Ne7+ 1/2-1/2

[Event "Havana UCI op 8th"]
[Site "Havana"]
[Date "2009.11.05"]
[Round "2"]
[White "Enrique Hernandez, Eddy Ernesto"]
[Black "Fernandez Guillen, Ernesto J"]
[Result "0-1"]
[WhiteElo "2182"]
[BlackElo "2228"]
[PlyCount "54"]
[EventDate "2009.11.04"]
[EventType "swiss"]
[EventRounds "9"]
[EventCountry "CUB"]
[SourceTitle "EXT 2011"]
[Source "ChessBase"]
[SourceDate "2010.11.26"]
[SourceVersion "1"]
[SourceVersionDate "2010.11.26"]
[SourceQuality "1"]

1. e4 e5 2. Bc4 Nc6 3. d3 Nf6 4. c3 Be7 5. f4 exf4 6. Bxf4 d5 7. exd5 Nxd5 8. Bxd5 Qxd5 9. Qf3 Qb5 10. b3 Bf5 11. d4 0-0 12. Ne2 Rae8 13. Kd2 Na5 14. Rd1 Nc4+ 15. Ke1 Nb2 16. Rd2 Nd3+ 17. Kf1 Nxf4 18. Qxf4 Bxb1 19. c4 Qa5 20. Rb2 Bd6 21. Qf3 Be4 22. Qh3 Qg5 23. c5 Bxc5 24. Rd1 Ba3 25. Rbd2 Re6 26. Ng3 Bc6 27. Kg1 Qe3+ 0-1

[Event "Havana Province-ch final"]
[Site "San Nicolas de Bari"]
[Date "2007.10.15"]
[Round "10"]
[White "Ragolta Franco, Eduardo"]
[Black "Enrique Hernandez, Eddy Ernesto"]
[Result "0-1"]
[WhiteElo "2272"]
[BlackElo "2155"]
[PlyCount "114"]
[EventDate "2007.10.07"]
[EventType "tourn"]
[EventRounds "11"]
[EventCountry "CUB"]
[SourceTitle "EXT 2019"]
[Source "ChessBase"]
[SourceDate "2018.10.10"]
[SourceVersion "1"]
[SourceVersionDate "2018.10.10"]
[SourceQuality "1"]

1. d4 d5 2. Nf3 Nf6 3. c4 c6 4. Nc3 e6 5. g3 Nbd7 6. Bg2 dxc4 7. 0-0 Nd5 8. Nd2 N7b6 9. a3 Nxc3 10. bxc3 Nd5 11. Qc2 b5 12. e4 Nb6 13. Rd1 Bb7 14. Nf1 Be7 15. f4 0-0 16. Ne3 Nd7 17. a4 a6 18. f5 Re8 19. fxe6 fxe6 20. Ng4 Nf6 21. Nf2 Qb6 22. a5 Qa7 23. Bf4 Rad8 24. Bc7 Rd7 25. Bb6 Qb8 26. Bh3 Bd8 27. Bc5 Rf7 28. e5 Nd5 29. Re1 Bc8 30. Ne4 Be7 31. Bxe7 Rfxe7 32. Nd6 Rd8 33. Ne4 Qc7 34. Ng5 g6 35. Ne4 Rf7 36. Ng5 Re7 37. Ne4 Rf7 38. Qc1 Qe7 39. Ra2 Rdf8 40. Rae2 Rd8 41. Bg2 Qc7 42. Ng5 Re7 43. Qa3 Rg7 44. Ne4 Rf7 45. h4 Qe7 46. Qxe7 Rxe7 47. Nd6 Bd7 48. Ne4 Kg7 49. Bh3 Rf8 50. Rf2 Rxf2 51. Kxf2 Bc8 52. Ke2 b4 53. cxb4 Nxb4 54. Rc1 Rb7 55. Rxc4 Nd5 56. Rxc6 Rb2+ 57. Kf3 Bb7 0-1

[Event "Jose Marti Memorial"]
[Site "Jaguey Grande"]
[Date "2007.08.06"]
[Round "6"]
[White "Enrique Hernandez, Eddy Ernesto"]
[Black "Ruiz Ponce, Fabio Luis"]
[Result "0-1"]
[WhiteElo "2128"]
[BlackElo "2043"]
[PlyCount "72"]
[EventDate "2007.08.01"]
[EventType "tourn"]
[EventRounds "14"]
[EventCountry "CUB"]
[SourceTitle "EXT 2019"]
[Source "ChessBase"]
[SourceDate "2018.10.10"]
[SourceVersion "1"]
[SourceVersionDate "2018.10.10"]
[SourceQuality "1"]

1. e4 Nf6 2. e5 Nd5 3. d4 d6 4. Nf3 g6 5. exd6 cxd6 6. Bc4 Nb6 7. Bb3 Bg7 8. 0-0 0-0 9. h3 Bf5 10. Re1 d5 11. Bf4 Nc6 12. Qd2 Rc8 13. Bh6 Qd6 14. Nc3 a6 15. Ne2 Rfe8 16. Ng3 Bd7 17. c3 Na5 18. Ne5 Nac4 19. Bxc4 Nxc4 20. Nxc4 Rxc4 21. Bf4 Qb6 22. Re2 e6 23. h4 Rec8 24. h5 Qd8 25. h6 Bf8 26. Nf1 b5 27. Ne3 R4c6 28. Ng4 f6 29. Re3 e5 30. dxe5 Bxg4 31. exf6 Qxf6 32. Re5 Be6 33. Rae1 Qf7 34. Bg3 Qd7 35. Qg5 Bf7 36. f4 Qd8 0-1

[Event "Jose Marti Memorial"]
[Site "Jaguey Grande"]
[Date "2007.08.04"]
[Round "4"]
[White "Enrique Hernandez, Eddy Ernesto"]
[Black "Cabrera Piedra, Arley"]
[Result "1-0"]
[WhiteElo "2128"]
[BlackElo "1967"]
[PlyCount "81"]
[EventDate "2007.08.01"]
[EventType "tourn"]
[EventRounds "14"]
[EventCountry "CUB"]
[SourceTitle "EXT 2019"]
[Source "ChessBase"]
[SourceDate "2018.10.10"]
[SourceVersion "1"]
[SourceVersionDate "2018.10.10"]
[SourceQuality "1"]

1. e4 d5 2. exd5 Nf6 3. d4 Bg4 4. f3 Bf5 5. c4 e6 6. dxe6 Nc6 7. Bd3 fxe6 8. Bxf5 exf5 9. Ne2 Qd7 10. d5 Ne5 11. Qd4 Bb4+ 12. Bd2 Bxd2+ 13. Nxd2 Qe7 14. 0-0 c5 15. Qe3 0-0 16. Nf4 Qd6 17. Ne6 Rf7 18. Rfe1 Nfd7 19. Qf4 h6 20. h4 b5 21. b3 Rb8 22. Rab1 a6 23. Nf1 Kh7 24. h5 bxc4 25. bxc4 Rxb1 26. Rxb1 Nf8 27. Nxf8+ Rxf8 28. Re1 Re8 29. Qxf5+ Kh8 30. Re4 Qb8 31. f4 Nd7 32. Rxe8+ Qxe8 33. Kf2 Nf6 34. g4 Qa4 35. g5 Qxa2+ 36. Kg1 Ng8 37. Qe4 Qa4 38. Ne3 hxg5 39. fxg5 Qa1+ 40. Kf2 Qb2+ 41. Kf3 1-0